[Event "World Blitz 2025"]
[Site "Doha QAT"]
[Date "2025.12.29"]
[Round "5.57"]
[White "Hakobyan, Aram"]
[Black "Halkias, Stelios"]
[Result "1/2-1/2"]
[WhiteTitle "GM"]
[BlackTitle "GM"]
[WhiteElo "2613"]
[BlackElo "2503"]
[WhiteFideId "13306677"]
[BlackFideId "4201809"]
[EventDate "2025.12.29"]

1. e4 e5 2. Nf3 Nc6 3. Bc4 Bc5 4. d3 Nf6 5. a4 a5 6. Bg5 h6 7. Bh4 g5 8. Bg3 d6
9. c3 Bb6 10. Nbd2 Qe7 11. h3 Bd7 12. Qe2 Nh5 13. Bh2 Nf4 14. Bxf4 gxf4 15. g4
h5 16. g5 h4 17. O-O-O O-O-O 18. Bb5 Na7 19. Bxd7+ Qxd7 20. b3 Nc6 21. Kc2 Kb8
22. Nc4 Ba7 23. Rdg1 Qe7 24. Rg4 d5 25. exd5 Rxd5 26. Qe4 Rhd8 27. Rd1 Bxf2 28.
Rd2 Bg3 29. g6 fxg6 30. Rxg6 Qc5 31. Rg5 Qe7 32. Rg6 Qc5 33. Rg5 Qe7 34. Rg6 Qc5 1/2-1/2

[Event "World Blitz 2025"]
[Site "Doha QAT"]
[Date "2025.12.29"]
[Round "5.58"]
[White "Krallis, Christos"]
[Black "Vokhidov, Shamsiddin"]
[Result "0-1"]
[WhiteTitle "IM"]
[BlackTitle "GM"]
[WhiteElo "2416"]
[BlackElo "2641"]
[WhiteFideId "4298896"]
[BlackFideId "14204223"]
[EventDate "2025.12.29"]

1. e4 c5 2. Nf3 e6 3. d4 cxd4 4. Nxd4 Nc6 5. Nc3 Nf6 6. a3 Be7 7. Be2 O-O 8. O-O
d6 9. Be3 a6 10. f4 Qc7 11. Kh1 Bd7 12. Qe1 b5 13. Qg3 Rab8 14. Nxc6 Bxc6 15. e5
Ne4 16. Nxe4 Bxe4 17. Bd4 d5 18. c3 f5 19. exf6 Bxf6 20. Rad1 Bxd4 21. Rxd4 Rf6
22. Bd3 Rg6 23. Qe3 Bxg2+ 24. Kg1 Be4+ 25. Kf2 Rg2+ 26. Ke1 Rxb2 27. Bxe4 dxe4
28. Rxe4 Rd8 29. Rxe6 Qd7 0-1

[Event "World Blitz 2025"]
[Site "Doha QAT"]
[Date "2025.12.29"]
[Round "5.59"]
[White "Naiditsch, Arkadij"]
[Black "Chasin, Nico"]
[Result "1-0"]
[WhiteTitle "GM"]
[BlackTitle "IM"]
[WhiteElo "2574"]
[BlackElo "2517"]
[WhiteFideId "4650891"]
[BlackFideId "30908477"]
[EventDate "2025.12.29"]

1. e4 c5 2. Nf3 Nc6 3. Bb5 d6 4. O-O Bd7 5. Re1 a6 6. Bc4 Nf6 7. c3 b5 8. Bf1
Bg4 9. a4 b4 10. d4 cxd4 11. cxd4 Bxf3 12. gxf3 e6 13. d5 Ne5 14. f4 Ned7 15.
dxe6 fxe6 16. Nd2 Be7 17. Bh3 Nc5 18. Qf3 O-O 19. Nb3 Nfd7 20. Nd4 Rf6 21. Kh1
Ne5 22. Qe2 Rh6 23. fxe5 Rxh3 24. Nxe6 Qc8 25. Nxc5 Qxc5 26. Bf4 dxe5 27. Rac1
Qd6 28. Bg3 Rh6 29. Red1 Qe6 30. Rd5 Bf6 31. Qc4 Re8 32. Qxb4 Qg4 33. Qb3 Kh8
34. Qd3 Rg6 1-0

[Event "World Blitz 2025"]
[Site "Doha QAT"]
[Date "2025.12.29"]
[Round "5.60"]
[White "Kevlishvili, Robby"]
[Black "Morris, James"]
[Result "1-0"]
[WhiteTitle "GM"]
[BlackTitle "IM"]
[WhiteElo "2527"]
[BlackElo "2422"]
[WhiteFideId "1040634"]
[BlackFideId "3205800"]
[EventDate "2025.12.29"]

1. e4 Nc6 2. Nf3 d6 3. d4 Nf6 4. c3 g6 5. Bd3 Bg7 6. O-O O-O 7. h3 e5 8. Re1 a6
9. Nbd2 Re8 10. Nf1 b5 11. Ng3 Bb7 12. a4 exd4 13. cxd4 bxa4 14. Rxa4 Nd7 15.
Bg5 Bf6 16. h4 Nb6 17. Ra1 h6 18. Bxf6 Qxf6 19. e5 dxe5 20. Ne4 Qg7 21. Nc5 Bc8
22. Be4 Ne7 23. Bxa8 Nxa8 24. dxe5 Nb6 25. Ne4 Ned5 26. Rc1 Bg4 27. Nf6+ Nxf6
28. exf6 Rxe1+ 29. Qxe1 Qxf6 30. Qe8+ Kg7 31. Qe5 Bxf3 32. Qxf6+ Kxf6 33. gxf3
Nd5 34. Rc6+ Ke5 35. Rxa6 Kd4 36. Rc6 Ke5 37. Kf1 Kf4 38. Ke2 Ke5 39. Kd2 Kd4
40. h5 gxh5 41. Rxh6 Nf4 42. Rf6 Ke5 43. Rxf7 c5 44. Rh7 Kd4 45. b3 Ke5 46. Kc3
Kd5 47. Rh6 Ne2+ 48. Kd3 Nf4+ 49. Ke3 Ng2+ 50. Kd2 Nf4 51. Rh8 Kd4 52. Re8 Kd5
53. Re4 Ng6 54. Ke3 Ne5 55. Rh4 Nc6 56. Rxh5+ Kd6 57. Rh6+ Kd5 58. Rxc6 1-0

[Event "World Blitz 2025"]
[Site "Doha QAT"]
[Date "2025.12.29"]
[Round "5.61"]
[White "Chanda, Sandipan"]
[Black "Pantsulaia, Levan"]
[Result "0-1"]
[WhiteTitle "GM"]
[BlackTitle "GM"]
[WhiteElo "2490"]
[BlackElo "2472"]
[WhiteFideId "5004225"]
[BlackFideId "13602071"]
[EventDate "2025.12.29"]

1. d4 d5 2. Nf3 Bf5 3. e3 e6 4. Bd3 Bg6 5. O-O Nf6 6. c4 c6 7. Qc2 Nbd7 8. Nbd2
Bd6 9. e4 dxe4 10. Nxe4 Nxe4 11. Bxe4 Nf6 12. Bxg6 hxg6 13. Bg5 Qc7 14. g3 O-O
15. c5 Be7 16. Ne5 Rad8 17. Rad1 Rd5 18. Bf4 Qc8 19. Nc4 Rfd8 20. Bd6 Bxd6 21.
Nxd6 Qc7 22. f4 Ne8 23. Nxe8 Rxe8 24. Rd3 Red8 25. Rfd1 g5 26. fxg5 Rxg5 27. Qf2
Rgd5 28. b4 e5 29. Qe3 Qd7 30. Re1 Rxd4 31. Rxd4 Qxd4 32. Qxd4 Rxd4 33. Rxe5
Rxb4 34. Re8+ Kh7 35. Re7 Kg6 36. Kg2 Rb2+ 37. Kh3 f5 38. a4 a5 39. g4 Rb3+ 40.
Kh4 Kf6 41. Rd7 g5+ 0-1

[Event "World Blitz 2025"]
[Site "Doha QAT"]
[Date "2025.12.29"]
[Round "5.62"]
[White "Ahmad, Khagan"]
[Black "Quparadze, Giga"]
[Result "1-0"]
[WhiteTitle "IM"]
[BlackTitle "GM"]
[WhiteElo "2472"]
[BlackElo "2502"]
[WhiteFideId "13431552"]
[BlackFideId "13602250"]
[EventDate "2025.12.29"]

1. e4 c5 2. Nf3 e6 3. c3 d5 4. exd5 Qxd5 5. d4 Nf6 6. Na3 Nc6 7. Be3 cxd4 8. Nb5
Qd7 9. Nbxd4 Bd6 10. Nb5 Bb8 11. Qxd7+ Bxd7 12. Rd1 a6 13. Nd6+ Bxd6 14. Rxd6
Nd5 15. Bc5 Rc8 16. Ba3 Na5 17. Ne5 Bb5 18. Bxb5+ axb5 19. Ke2 Nc6 20. Nxc6 Rxc6
21. Rxc6 bxc6 22. g3 Kd7 23. Bc5 e5 24. Kd3 Ra8 25. Ra1 f5 26. c4 Nc7 27. Kc3
bxc4 28. Kxc4 Nd5 29. a4 Kc7 30. b4 Nf6 31. f3 Nd7 32. a5 Nxc5 33. Kxc5 Rd8 34.
a6 Rd5+ 35. Kc4 Rd4+ 36. Kc3 Kb8 37. a7+ Ka8 38. Ra6 Rd1 39. Kc4 Rc1+ 40. Kd3
Rd1+ 41. Ke3 Re1+ 42. Kd3 Rd1+ 43. Ke2 Rh1 44. h4 f4 45. gxf4 exf4 46. Rxc6 Kxa7
47. Rc7+ Kb6 48. Rxg7 Rxh4 49. Rg4 Rh1 50. Rxf4 Kb5 51. Re4 h5 52. Kf2 Rb1 53.
Re5+ Kc6 54. Re4 Kb5 55. Kg3 Rh1 56. f4 h4+ 57. Kg2 Rd1 58. f5 Rd3 59. Rf4 Rg3+
60. Kh2 Rg8 61. Rxh4 Kc6 62. Rf4 Kd5 63. Rf2 Ke5 64. f6 Ke6 65. f7 Rh8+ 66. Kg3
Rf8 67. b5 Kd6 68. Kg4 Ke7 69. Kg5 Rb8 70. f8=Q+ Rxf8 71. Rxf8 Kxf8 72. b6 Ke7
73. b7 1-0

[Event "World Blitz 2025"]
[Site "Doha QAT"]
[Date "2025.12.29"]
[Round "5.63"]
[White "Balakrishnan, Praveen"]
[Black "Idani, Pouya"]
[Result "0-1"]
[WhiteTitle "GM"]
[BlackTitle "GM"]
[WhiteElo "2507"]
[BlackElo "2611"]
[WhiteFideId "2064871"]
[BlackFideId "12510130"]
[EventDate "2025.12.29"]

1. e4 e5 2. Nf3 d6 3. d4 exd4 4. Nxd4 Nf6 5. Nc3 Be7 6. Bf4 O-O 7. Qd2 d5 8.
Ndb5 Bb4 9. Nxc7 Nxe4 10. Qd3 Bf5 11. O-O-O Nxc3 12. Qxf5 Nxd1 13. Kxd1 Nc6 14.
Nxa8 g6 15. Qg5 Be7 16. Qg3 Qxa8 17. Bd3 Bf6 18. Kc1 Qd8 19. c3 Qa5 20. Kb1 d4
21. c4 Re8 22. Rd1 Qh5 23. f3 Nb4 24. Be4 Qc5 25. Rc1 d3 26. Bd2 a5 27. Qe1 Bg7
28. Qd1 f5 29. Bd5+ Nxd5 30. cxd5 Qxd5 31. Qa4 b5 32. Qxa5 h5 33. Qb4 Re2 34.
Rc7 Qe6 35. a3 Rxg2 36. Rxg7+ Kxg7 37. Qd4+ Kf7 38. Bc3 Re2 39. Qg7+ Ke8 40.
Qh8+ Kd7 41. Qd4+ Qd6 42. Qa7+ Ke6 43. Qa8 Kf7 44. Qb7+ Re7 45. Qxb5 d2 46. Qb3+
Kf8 47. Bxd2 Qxd2 48. Qb8+ Re8 49. Qb6 Re1+ 50. Ka2 Qd5+ 51. Qb3 Ra1+ 0-1

[Event "World Blitz 2025"]
[Site "Doha QAT"]
[Date "2025.12.29"]
[Round "5.64"]
[White "Sychev, Klementy"]
[Black "Iniyan, Pa"]
[Result "0-1"]
[WhiteTitle "GM"]
[BlackTitle "GM"]
[WhiteElo "2517"]
[BlackElo "2598"]
[WhiteFideId "4114060"]
[BlackFideId "25002767"]
[EventDate "2025.12.29"]

1. e4 c5 2. Nf3 d6 3. d4 cxd4 4. Nxd4 Nf6 5. Nc3 a6 6. Bc4 e6 7. f4 b5 8. Bb3
Bb7 9. e5 dxe5 10. fxe5 Nfd7 11. Qh5 g6 12. Qh3 Nc6 13. Nxc6 Bxc6 14. Bh6 Bxg2
15. Qxg2 Bxh6 16. O-O O-O 17. Ne4 Nxe5 18. Nf6+ Kg7 19. Qe4 Nd7 20. Ng4 Qb6+ 21.
Kh1 f5 22. Qxe6 Qxe6 23. Bxe6 Nc5 24. Bxf5 Rxf5 25. Rfe1 Bg5 26. b4 Na4 27. Re6
h5 28. Ne5 Bf6 0-1

[Event "World Blitz 2025"]
[Site "Doha QAT"]
[Date "2025.12.29"]
[Round "5.65"]
[White "Gan-Erdene, Sugar"]
[Black "Sanal, Vahap"]
[Result "1/2-1/2"]
[WhiteTitle "IM"]
[BlackTitle "GM"]
[WhiteElo "2444"]
[BlackElo "2546"]
[WhiteFideId "4902980"]
[BlackFideId "6300545"]
[EventDate "2025.12.29"]

1. e4 e5 2. Nf3 Nc6 3. Nc3 Nf6 4. a3 g6 5. Bc4 Bg7 6. d3 O-O 7. O-O d6 8. Bg5 h6
9. Bh4 g5 10. Bg3 Bg4 11. h3 Bh5 12. Bh2 Qd7 13. Bb5 Kh8 14. Nd5 g4 15. Nh4 a6
16. Bxc6 bxc6 17. Nxf6 Bxf6 18. Nf5 Rg8 19. Nxh6 Rg6 20. hxg4 Bxg4 21. Nxg4 Rxg4
22. Qf3 Kg7 23. Qe3 Rh8 24. f4 Rgh4 25. Bg3 exf4 26. Bxf4 Bxb2 27. Rab1 Bf6 28.
Bg5 Rh1+ 29. Kf2 Rxf1+ 30. Rxf1 Qe6 31. Bxf6+ Qxf6+ 32. Ke2 Qg6 33. Rf2 Rh5 34.
Qd4+ Re5 35. Kd2 a5 36. Kc1 Qg5+ 37. Kb2 Kf8 38. a4 Qg7 39. Ka2 Ke7 40. Qc4 Rc5
41. Qb3 Rg5 42. Qb7 Kd7 43. Qb3 f6 44. Qc3 Rxg2 45. Rf5 Rg5 46. Rxf6 Rg6 47. e5
Rxf6 48. exf6 Qf7+ 49. Ka3 Qd5 50. Qe1 Qe6 51. Qf2 Ke8 52. Qa7 Qxf6 53. Qxa5
Qa1+ 54. Kb3 Qb1+ 55. Ka3 Qxc2 56. Qxc7 Qxd3+ 57. Kb2 Qd4+ 58. Kb3 Qd5+ 59. Kb2
Qe5+ 60. Kb3 Qe6+ 61. Kb2 Qf6+ 62. Kb1 Qf5+ 63. Kb2 Qf6+ 64. Kb1 Qg6+ 65. Kb2
Qg2+ 66. Kb3 Qf3+ 67. Kb2 Qe2+ 68. Kb3 Qd1+ 69. Kb2 Qd4+ 70. Kb3 Qd5+ 71. Kb2
Qe5+ 72. Kb3 Qe3+ 73. Kb2 Qf2+ 74. Kb1 Qf1+ 75. Kb2 Qg2+ 76. Kb3 Qg3+ 77. Kb2
Qe5+ 78. Kb3 Qd5+ 79. Kb2 Qd2+ 80. Kb3 c5 81. a5 Qb4+ 82. Kc2 c4 83. Qc6+ Ke7
84. a6 Qb3+ 85. Kd2 Qd3+ 86. Ke1 Qe3+ 87. Kd1 Qd3+ 88. Ke1 c3 89. a7 Qd2+ 90.
Kf1 Qd3+ 91. Ke1 Qe3+ 92. Kf1 Qxa7 93. Qxc3 Qa4 94. Ke2 Qg4+ 95. Kf2 Qf4+ 96.
Ke2 Qh2+ 97. Ke1 Qg1+ 98. Ke2 Qg2+ 99. Ke1 Qe4+ 100. Kd2 Kd7 101. Qg7+ Kc6 102.
Qc3+ Kd7 103. Qg7+ Kc6 104. Qc3+ Kd5 105. Qb3+ Ke5 106. Qb5+ Kf4 107. Qf1+ Ke5
108. Qb5+ Kf6 109. Qf1+ Ke6 110. Qf2 Qb4+ 111. Kc2 Qa4+ 112. Kb2 Qb5+ 113. Kc2
Qc4+ 114. Kb2 d5 115. Qe3+ Kf5 116. Qf3+ Ke5 117. Qe3+ Kf5 118. Qf3+ Ke6 119.
Qe3+ Qe4 120. Qxe4+ dxe4 121. Kc3 Kf5 122. Kd2 Kf4 123. Ke2 e3 124. Ke1 Kf3 125.
Kf1 e2+ 126. Ke1 Ke3 1/2-1/2

[Event "World Blitz 2025"]
[Site "Doha QAT"]
[Date "2025.12.29"]
[Round "5.66"]
[White "Vakhidov, Jakhongir"]
[Black "Klukin, Kirill"]
[Result "0-1"]
[WhiteTitle "GM"]
[BlackTitle "IM"]
[WhiteElo "2516"]
[BlackElo "2414"]
[WhiteFideId "14201801"]
[BlackFideId "24199273"]
[EventDate "2025.12.29"]

1. c4 e6 2. Nc3 d5 3. d4 Nf6 4. cxd5 exd5 5. Bg5 c6 6. e3 Be6 7. Bd3 Nbd7 8. Nf3
h6 9. Bh4 g5 10. Bg3 Nh5 11. Be5 Nxe5 12. Nxe5 Nf6 13. O-O Bd6 14. f4 gxf4 15.
exf4 Qb6 16. Kh1 Qxd4 17. Nb5 Bxe5 18. Nxd4 Bxd4 19. Ba6 c5 20. Bxb7 Rb8 21.
Bc6+ Kf8 22. f5 Bc8 23. Qf3 Rb6 24. Bxd5 Nxd5 25. Qxd5 Bb7 26. Qd8+ Kg7 27. Qh4
Rg8 28. b3 Kh7 29. Qh3 Bxg2+ 30. Qxg2 Rxg2 31. Kxg2 Bxa1 32. Rxa1 c4 33. bxc4
Rb2+ 34. Kf3 Rc2 35. Ke4 Rxc4+ 36. Ke5 Kg7 37. f6+ Kg6 38. Rg1+ Kh5 39. Kd6 Re4
40. Kd7 Re6 41. Rf1 Kg6 42. a4 Rxf6 43. Rg1+ Kh5 44. Ke7 Ra6 45. Ra1 f5 46. a5
f4 47. Rf1 Kg4 48. Rg1+ Kf3 49. Rf1+ Ke3 50. Re1+ Kf2 51. Re5 f3 52. Kd7 Kg2 53.
Kc7 f2 0-1

[Event "World Blitz 2025"]
[Site "Doha QAT"]
[Date "2025.12.29"]
[Round "5.67"]
[White "Averin, Nikolay"]
[Black "Pranesh, M"]
[Result "0-1"]
[WhiteTitle "FM"]
[BlackTitle "GM"]
[WhiteElo "2389"]
[BlackElo "2627"]
[WhiteFideId "24250473"]
[BlackFideId "35028600"]
[EventDate "2025.12.29"]

1. a3 e5 2. c4 Nf6 3. d3 d5 4. cxd5 Nxd5 5. Nf3 Nc6 6. e3 Bd6 7. b4 O-O 8. Bb2
Qe7 9. Nbd2 a5 10. b5 Na7 11. Qb3 Be6 12. Nc4 Nb6 13. Be2 a4 14. Qc2 Nxb5 15.
Nfxe5 Nxc4 16. Nxc4 Bxc4 17. Qxc4 Nxa3 18. Bxa3 Bxa3 19. O-O c6 20. Rfb1 b5 21.
Qxc6 b4 22. d4 Rfc8 23. Qd5 b3 24. Bc4 b2 25. Ra2 Ra7 26. g3 Rac7 27. Bd3 g6 28.
Kg2 Rc3 29. Qb5 Rb3 30. Qa6 Rc1 31. h4 Kg7 32. h5 Qg5 33. hxg6 hxg6 34. Be4 Qh5 0-1

[Event "World Blitz 2025"]
[Site "Doha QAT"]
[Date "2025.12.29"]
[Round "5.68"]
[White "Gokerkan, Cem Kaan"]
[Black "Chigaev, Maksim"]
[Result "1-0"]
[WhiteTitle "GM"]
[BlackTitle "GM"]
[WhiteElo "2510"]
[BlackElo "2626"]
[WhiteFideId "6336760"]
[BlackFideId "4108116"]
[EventDate "2025.12.29"]

1. e4 e5 2. Nf3 Nc6 3. Bc4 d6 4. O-O Bg4 5. h3 Bh5 6. c3 Nf6 7. d3 Qd7 8. a4 Rg8
9. a5 a6 10. Bg5 Be7 11. Nbd2 h6 12. Bxf6 gxf6 13. Kh1 f5 14. b4 fxe4 15. dxe4
Nd8 16. Rg1 Ne6 17. g4 Bg6 18. Kh2 Rh8 19. Rb1 Nf4 20. Bf1 Kf8 21. Qe1 Qe6 22.
Qe3 Bg5 23. Nxg5 hxg5 24. Rg3 Kg7 25. Bc4 Qf6 26. Bf1 Rad8 27. b5 d5 28. bxa6
bxa6 29. Rb7 d4 30. cxd4 exd4 31. Qf3 d3 32. Rxc7 Rc8 33. Rxc8 1-0

[Event "World Blitz 2025"]
[Site "Doha QAT"]
[Date "2025.12.29"]
[Round "5.85"]
[White "Peyrer, Konstantin"]
[Black "Cunha, Lucas Aguiar"]
[Result "1-0"]
[WhiteTitle "IM"]
[BlackTitle "FM"]
[WhiteElo "2496"]
[BlackElo "2263"]
[WhiteFideId "1640879"]
[BlackFideId "2125404"]
[EventDate "2025.12.29"]

1. Nf3 Nf6 2. c4 e6 3. g3 d5 4. Bg2 d4 5. d3 c5 6. e4 Nc6 7. e5 Nd7 8. Bf4 h6 9.
h4 g6 10. O-O Be7 11. Re1 g5 12. hxg5 hxg5 13. Bc1 g4 14. Nh2 Ndxe5 15. Nxg4
Nxg4 16. Qxg4 e5 17. Qe2 Be6 18. b4 cxb4 19. a3 b3 20. Nd2 Qd7 21. Rb1 Bg4 22.
Qe4 Bf5 23. Qd5 O-O-O 24. Rxb3 Qxd5 25. cxd5 Na5 26. Rxe5 Nxb3 27. Nxb3 Bxd3 28.
Rxe7 Rde8 29. d6 Rxe7 30. dxe7 Re8 31. Bg5 b6 32. Bc6 1-0

[Event "World Blitz 2025"]
[Site "Doha QAT"]
[Date "2025.12.29"]
[Round "5.86"]
[White "Davtyan, Artur"]
[Black "Akobian, Varuzhan"]
[Result "0-1"]
[WhiteTitle "IM"]
[BlackTitle "GM"]
[WhiteElo "2474"]
[BlackElo "2549"]
[WhiteFideId "13308327"]
[BlackFideId "13300580"]
[EventDate "2025.12.29"]

1. e4 e6 2. d4 d5 3. Nc3 Bb4 4. e5 c5 5. a3 Bxc3+ 6. bxc3 Nc6 7. Nf3 Qa5 8. Bd2
c4 9. a4 Bd7 10. Be2 Nge7 11. O-O O-O 12. Nh4 Ng6 13. Nxg6 fxg6 14. f4 Ne7 15.
Qe1 Bxa4 16. Qh4 Nf5 17. Qf2 b5 18. g4 Ne7 19. Qe3 Qb6 20. Ra2 a5 21. Bc1 Rab8
22. Qd2 Rfc8 23. Rf2 Qc6 24. Bb2 b4 25. Rf1 Bxc2 26. Rxa5 b3 27. Rfa1 Ra8 28.
Qc1 h6 29. R1a3 Rxa5 30. Rxa5 Ra8 31. Qa1 Rxa5 32. Qxa5 0-1

[Event "World Blitz 2025"]
[Site "Doha QAT"]
[Date "2025.12.29"]
[Round "5.87"]
[White "Mamedov, Edgar"]
[Black "Henriquez Villagra, Cristobal"]
[Result "1-0"]
[WhiteTitle "GM"]
[BlackTitle "GM"]
[WhiteElo "2492"]
[BlackElo "2598"]
[WhiteFideId "13739980"]
[BlackFideId "3409350"]
[EventDate "2025.12.29"]

1. d4 Nf6 2. c4 g6 3. Nc3 Bg7 4. e4 d6 5. Nf3 O-O 6. Be2 Na6 7. O-O e5 8. Be3 c6
9. d5 Ng4 10. Bg5 f6 11. Bd2 c5 12. Qc1 f5 13. Ng5 Nf6 14. exf5 Bxf5 15. f4 exf4
16. Bxf4 Nc7 17. Qd2 Qd7 18. h3 Rae8 19. Rae1 h6 20. Nf3 g5 21. Bg3 Ne4 22. Nxe4
Bxe4 23. Nh2 Bd4+ 24. Bf2 Rxf2 25. Rxf2 Rf8 26. Ng4 Kg7 27. Rf1 Bxf2+ 28. Nxf2
Bf5 29. Qc3+ Kg8 30. Bg4 Qg7 31. Qxg7+ Kxg7 32. Re1 Bxg4 33. Nxg4 Rf7 34. Ne3
Kg6 35. g4 b5 36. b3 bxc4 37. bxc4 Re7 38. Kf2 Re4 39. Rb1 Na8 40. Rb8 Nb6 41.
Nf5 Nxc4 42. Rh8 Kf6 43. Rxh6+ Ke5 44. Rg6 Rf4+ 1-0

[Event "World Blitz 2025"]
[Site "Doha QAT"]
[Date "2025.12.29"]
[Round "5.88"]
[White "Nesterov, Arseniy"]
[Black "Ohanyan, Emin"]
[Result "1/2-1/2"]
[WhiteTitle "GM"]
[BlackTitle "GM"]
[WhiteElo "2595"]
[BlackElo "2493"]
[WhiteFideId "24198455"]
[BlackFideId "13312022"]
[EventDate "2025.12.29"]

1. d4 d5 2. Nf3 Nf6 3. Bf4 c5 4. e3 Nc6 5. Nbd2 cxd4 6. exd4 Bf5 7. Bb5 Qb6 8.
c4 dxc4 9. a4 Bd3 10. Ne5 e6 11. Ndxc4 Bb4+ 12. Bd2 Bxc4 13. Nxc4 Bxd2+ 14. Qxd2
Qc7 15. Ne5 O-O 16. Bxc6 bxc6 17. Rc1 c5 18. Rxc5 Qb7 19. f3 Nd7 20. Rb5 Qc7 21.
Nxd7 Qxd7 22. O-O Rab8 23. Rb4 Rxb4 24. Qxb4 Rc8 25. b3 Qd5 26. h3 h5 27. Re1 a5
28. Qd2 Rd8 29. Re4 Qxb3 30. Qxa5 Rd5 31. Qa6 Qb2 32. Qe2 Qa1+ 33. Kh2 Qxa4 34.
Rxe6 Qxd4 35. Re8+ Kh7 36. Qc2+ g6 37. Qc7 Kg7 38. Qb8 Kh7 39. Rf8 Rf5 40. Rd8
Qf4+ 41. Qxf4 1/2-1/2

[Event "World Blitz 2025"]
[Site "Doha QAT"]
[Date "2025.12.29"]
[Round "5.89"]
[White "Nguyen, Ngoc Truong Son"]
[Black "Galaviz Medina, Sion Radamantys"]
[Result "1-0"]
[WhiteTitle "GM"]
[BlackTitle "IM"]
[WhiteElo "2600"]
[BlackElo "2514"]
[WhiteFideId "12401110"]
[BlackFideId "5123119"]
[EventDate "2025.12.29"]

1. e4 c5 2. c3 Nf6 3. e5 Nd5 4. Bc4 Nb6 5. Bb3 c4 6. Bc2 d6 7. exd6 Qxd6 8. Na3
Nc6 9. Qe2 Ne5 10. Nb5 Qc5 11. a4 a6 12. Nd4 Bg4 13. Ngf3 Nxf3+ 14. Nxf3 e6 15.
d4 cxd3 16. Bxd3 O-O-O 17. Be3 Qc6 18. Bxa6 Bxf3 19. Qxf3 Qxf3 20. gxf3 Nd5 21.
Bb5 Nxe3 22. fxe3 h5 23. Ke2 Kc7 24. Rad1 Bd6 25. h3 g5 26. Rdg1 Be7 27. f4 Rdg8
28. fxg5 Rxg5 29. Rxg5 Bxg5 30. Rd1 Rd8 31. Rf1 f6 32. h4 Bxh4 33. Rh1 Bg5 34.
Rxh5 Rd5 35. Rh7+ Kb6 36. Bd3 f5 37. b4 Re5 38. a5+ Ka7 39. e4 fxe4 40. Bc4 Kb8
41. Rh8+ Kc7 42. b5 Rc5 43. b6+ Kd6 44. a6 Bf6 45. Re8 Kd7 46. a7 Kxe8 47. a8=Q+
Kf7 48. Qxb7+ 1-0

[Event "World Blitz 2025"]
[Site "Doha QAT"]
[Date "2025.12.29"]
[Round "5.90"]
[White "Stribuk, Artiom"]
[Black "Dlugy, Maxim"]
[Result "1-0"]
[WhiteTitle "IM"]
[BlackTitle "GM"]
[WhiteElo "2476"]
[BlackElo "2502"]
[WhiteFideId "13515659"]
[BlackFideId "2000075"]
[EventDate "2025.12.29"]

1. c4 c5 2. g3 g6 3. Bg2 Bg7 4. Nc3 Nc6 5. Nf3 Nh6 6. d4 cxd4 7. Nxd4 O-O 8.
Bxh6 Bxh6 9. O-O Bg7 10. e3 d6 11. Bxc6 bxc6 12. Nxc6 Qd7 13. Nd4 Bb7 14. Rc1
Rfc8 15. b3 Rc5 16. e4 Rh5 17. f3 Qh3 18. Rf2 Bh6 19. f4 e5 20. Nde2 exf4 21.
Nxf4 Bxf4 22. gxf4 Rh4 23. Qf3 Qe6 24. Nd5 Bxd5 25. cxd5 Qf6 26. Kh1 Re8 27. Re1
Qd4 28. Rfe2 Qf6 29. Rf1 Qd4 30. Rfe1 Rc8 31. Qf2 Qf6 32. e5 Qxf4 33. Qxf4 Rxf4
34. exd6 Kg7 35. Re8 Rc2 36. d7 Rff2 37. R8e2 1-0

[Event "World Blitz 2025"]
[Site "Doha QAT"]
[Date "2025.12.29"]
[Round "5.91"]
[White "Motylev, Alexander"]
[Black "Siddharth, Jagadeesh"]
[Result "0-1"]
[WhiteTitle "GM"]
[BlackTitle "GM"]
[WhiteElo "2573"]
[BlackElo "2489"]
[WhiteFideId "4121830"]
[BlackFideId "5818320"]
[EventDate "2025.12.29"]

1. d4 Nf6 2. g3 d5 3. Nf3 e6 4. Bg2 b5 5. O-O Bb7 6. c3 Bd6 7. a4 bxa4 8. Qxa4+
Nbd7 9. Nbd2 O-O 10. Nb3 c5 11. Na5 Qb6 12. Nxb7 Qxb7 13. Qa6 Qc7 14. Be3 c4 15.
h3 Ne4 16. Nd2 f5 17. Nxe4 fxe4 18. Bf4 Nb6 19. e3 Bxf4 20. exf4 Kh8 21. h4 h6
22. f3 g5 23. hxg5 hxg5 24. fxe4 gxf4 25. e5 Qg7 26. gxf4 Rg8 27. Rf2 Raf8 28.
Qxa7 Qg3 29. Qxb6 Rxf4 30. Raf1 Rh4 31. Re1 Rh1+ 32. Kxh1 Qxf2 33. Re2 Qxe2 34.
Bxd5 Qh5# 0-1

[Event "World Blitz 2025"]
[Site "Doha QAT"]
[Date "2025.12.29"]
[Round "5.92"]
[White "Nurgaliyev, Sauat"]
[Black "Gholami Orimi, Mahdi"]
[Result "1-0"]
[WhiteTitle "IM"]
[BlackTitle "GM"]
[WhiteElo "2437"]
[BlackElo "2515"]
[WhiteFideId "13726285"]
[BlackFideId "12558486"]
[EventDate "2025.12.29"]

1. e4 e5 2. Nf3 Nc6 3. Nc3 Nf6 4. d4 exd4 5. Nxd4 Bb4 6. Nxc6 bxc6 7. Bd3 O-O 8.
O-O d5 9. Bd2 Re8 10. Nxd5 Nxd5 11. exd5 Bxd2 12. Qxd2 cxd5 13. b4 Qd6 14. h3 c6
15. Rfe1 Be6 16. a3 g6 17. Qe3 a5 18. Qd4 Rec8 19. h4 c5 20. bxc5 Qxc5 21. Qxc5
Rxc5 22. Reb1 Kg7 23. g3 Kf6 24. a4 h6 25. Rb5 Rc3 26. Kf1 Ke5 27. Ke2 Bd7 28.
Rb7 Kd6 29. Kd2 Rc7 30. Rb6+ Kc5 31. Rf6 Be8 32. Ra3 d4 33. c3 Rd8 34. cxd4+
Kxd4 35. Rf4+ Ke5 36. Ke3 Rc5 37. Rb3 Ke6 38. Rb6+ Ke7 39. Rb7+ Rd7 40. Re4+ Kd6
41. Rb8 Kc7 42. Rexe8 Rcd5 43. Be4 Rd1 44. Rb7+ Kd6 45. Rxd7+ Kxd7 46. Ra8 1-0

[Event "World Blitz 2025"]
[Site "Doha QAT"]
[Date "2025.12.29"]
[Round "5.93"]
[White "Rakhmanov, Aleksandr"]
[Black "Ibrahimli, Murad"]
[Result "1-0"]
[WhiteTitle "GM"]
[BlackTitle "IM"]
[WhiteElo "2585"]
[BlackElo "2438"]
[WhiteFideId "4173708"]
[BlackFideId "13410229"]
[EventDate "2025.12.29"]

1. c4 e5 2. Nf3 Nc6 3. d4 exd4 4. Nxd4 Nf6 5. Nxc6 bxc6 6. g3 g6 7. Bg2 Bg7 8.
Nc3 O-O 9. O-O Re8 10. Re1 Rb8 11. Qa4 a6 12. c5 h5 13. h3 Bb7 14. Bg5 Re5 15.
Ne4 Qe7 16. Nxf6+ Bxf6 17. Bxf6 Qxf6 18. Qd4 Qe7 19. b4 d5 20. e4 Re8 21. f4
Rxe4 22. Bxe4 dxe4 23. Qe5 Qd7 24. Rad1 Qc8 25. Qg5 Qxh3 26. f5 Qxf5 27. Qxf5
gxf5 28. Rd7 h4 29. Kf2 Bc8 30. Rxc7 Be6 31. Rxc6 Kg7 32. Rxa6 Kf6 33. c6 hxg3+
34. Kxg3 Ke5 35. Ra5+ Kd6 36. b5 Rg8+ 37. Kf2 Kc5 38. a4 Rd8 39. c7 Rc8 40. Rc1+
Kb6 41. Ra6+ Kb7 42. Ke3 Rg8 43. Rd6 Rg3+ 44. Kf4 Rf3+ 45. Ke5 e3 46. Rxe6 1-0

[Event "World Blitz 2025"]
[Site "Doha QAT"]
[Date "2025.12.29"]
[Round "5.94"]
[White "Alexakis, Dimitris"]
[Black "Altini, Nicola"]
[Result "1-0"]
[WhiteTitle "GM"]
[BlackTitle "IM"]
[WhiteElo "2544"]
[BlackElo "2360"]
[WhiteFideId "4277023"]
[BlackFideId "833924"]
[EventDate "2025.12.29"]

1. e4 c5 2. Nf3 g6 3. c4 Nc6 4. d4 cxd4 5. Nxd4 Nf6 6. Nc3 d6 7. Be2 Nxd4 8.
Qxd4 Bg7 9. Bg5 O-O 10. Qd2 Bd7 11. h4 h5 12. O-O a6 13. a4 Bc6 14. f3 a5 15.
Kh1 Nd7 16. Nd5 Bxd5 17. exd5 Bf6 18. Rae1 Nc5 19. Bd1 Qb6 20. Re2 Bxg5 21. Qxg5
e5 22. dxe6 Nxe6 23. Rxe6 fxe6 24. Qxg6+ Kh8 25. Qxh5+ Kg8 26. Qg5+ Kf7 27. f4
Rh8 28. Bh5+ Rxh5 29. Qxh5+ Kf6 30. f5 Qd4 31. fxe6+ Kxe6 32. Qf7+ Ke5 33. Qf5# 1-0